Outline talks for teens. (Record no. 12257)

000 -LEADER
fixed length control field 00624nam a2200193 a 4500
001 - CONTROL NUMBER
control field :::00010059$&:&@@
003 - CONTROL NUMBER IDENTIFIER
control field OkBaRHE
005 - DATE AND TIME OF LATEST TRANSACTION
control field 20000607103355.0
008 - FIXED-LENGTH DATA ELEMENTS--GENERAL INFORMATION
fixed length control field s1984 j 000 0 eng u
040 ## - CATALOGING SOURCE
Transcribing agency
100 1# - MAIN ENTRY--PERSONAL NAME
Personal name Wood, Charles Robert, 1933-
245 10 - TITLE STATEMENT
Title Outline talks for teens.
260 ## - PUBLICATION, DISTRIBUTION, ETC. (IMPRINT)
Place of publication, distribution, etc Grand Rapids, MI., :
Name of publisher, distributor, etc Kregel Publications
Date of publication, distribution, etc c1984
300 ## - PHYSICAL DESCRIPTION
Extent 64 p. ;
Dimensions 19 cm.
490 0# - SERIES STATEMENT
Series statement Easy-to-use sermon outline series.
650 ## - SUBJECT ADDED ENTRY--TOPICAL TERM
Topical term or geographic name as entry element Youth Sermons
General subdivision Outlines, Syllabi, etc.
942 ## - ADDED ENTRY ELEMENTS (KOHA)
Source of classification or shelving scheme
Koha item type Books
Copies
Date acquired Full call number Date last seen Not for loan Permanent Location Damaged status Copy number Withdrawn status Price effective from Source of classification or shelving scheme Lost status Koha item type Barcode Shelving location
2010-04-14BV 4310 .W5822010-04-14 RHEMA Bible Training College 1 2010-04-14  Books10059General Stacks